Sanat - "Kuningaslohi" -Arttu Wiskari - Statistics

Yleistilastot
  • Tätä visaa on pelattu 43 kertaa
    41 viimeisimmän päivityksen jälkeen
  • Keskiarvotulos 129 / 227
Vastaustilastot
Vastaus % Oikein
Kun
92%
kun
92%
kuningaslohi
92%
on
92%
et
83%
etsintä
83%
ja
83%
mikään
83%
ohi
83%
ole
83%
vaikken
83%
vaimon
83%
vihdoin
83%
ei
75%
Ei
75%
kahvia
75%
laita
75%
vaimoa
75%
äiti
67%
I
67%
kohta
67%
ollaan
67%
ovelle
67%
päätin
67%
perillä
67%
tuotu
67%
häitämme
58%
jo
58%
käymään
58%
kieltä
58%
lähteä
58%
maailman
58%
merillä
58%
oo
58%
tanssitaan
58%
tulee
58%
elämään
50%
kieltää
50%
laki
50%
luotu
50%
meitä
50%
naimasta
50%
naista
50%
sukulaista
50%
yksin
50%
häitäni
42%
käytin
42%
laukussa
42%
leipää
42%
meidän
42%
ollut
42%
palaan
42%
pellot
42%
piimää
42%
yhtään
42%
aikani
33%
alle
33%
että
33%
Finnairin
33%
hälytyskellot
33%
hämyssä
33%
hieman
33%
kahden
33%
kahisevaa
33%
kanssa
33%
kautta
33%
kylällä
33%
laukes
33%
love
33%
marjoja
33%
metsässä
33%
naisen
33%
näytin
33%
päädyin
33%
Pai
33%
pakettiin
33%
passi
33%
poimii
33%
siivet
33%
talveksi
33%
tuvan
33%
vaan
33%
välilaskun
33%
youta
33%
iltaisin
25%
jää
25%
jälleen
25%
kunhan
25%
lopulta
25%
meillä
25%
Otin
25%
paperisotkut
25%
Pattajalle
25%
pienen
25%
pysyvästi
25%
sain
25%
sanakirjasta
25%
selviää
25%
talouskin
25%
tänne
25%
toimii
25%
vaikee
25%
vaimoni
25%
vielä
25%
ymmärtää
25%
Alkuvaikeuden
17%
hurttia
17%
jälkeen
17%
kahdella
17%
käsimerkit
17%
kentältä
17%
kyläyhteisön
17%
samaa
17%
seikkailumieltä
17%
vain
17%
tuntui
8%
Ehtoja vastaavia visoja ei löytynyt
Tulosjakauma
Jokaisen tuloksen saaneiden osuus
Persentiili vastausten määrän mukaan
Tuloshistoriasi
Et ole pelannut tätä visaa sen viimeisimmän päivityksen jälkeen